[Event "London Classic Open 2016"]
[Site "London ENG"]
[Date "2016.12.13"]
[Round "6.91"]
[White "Ainsworth, George"]
[Black "Fischer, Daniel"]
[Result "0-1"]
[WhiteElo "1711"]
[BlackElo "2024"]
[WhiteFideId "449636"]
[BlackFideId "1328360"]
[EventDate "2016.12.09"]

1. c4 e5 2. g3 Nc6 3. Bg2 Bc5 4. Nc3 a6 5. e3 Ba7 6. Nge2 d6 7. h3 Nge7 8. Nd5
Nxd5 9. cxd5 Ne7 10. d4 Ng6 11. b3 h5 12. h4 Bg4 13. Bb2 exd4 14. Bxd4 Bxd4 15.
Qxd4 O-O 16. Qb4 Ne5 17. Qxb7 Qd7 18. Rc1 Nd3+ 19. Kd2 Nxc1 20. Rxc1 Qb5 21.
Qxb5 axb5 22. Rc2 Bxe2 23. Kxe2 Ra7 24. a4 bxa4 25. bxa4 Rb8 26. Rc4 Rb2+ 27.
Kf3 Ra2 28. Bh3 R2xa4 29. Rxa4 Rxa4 30. e4 Ra2 31. g4 hxg4+ 32. Bxg4 Kh7 33. Kg3
Kg6 34. f3 Kf6 35. Kf4 Rh2 36. Kg3 Rh1 37. h5 Kg5 38. Kg2 Rxh5 39. Bxh5 Kxh5 40.
Kg3 f6 41. f4 g5 42. fxg5 fxg5 43. Kh3 g4+ 44. Kg2 Kh4 45. Kh2 g3+ 46. Kg1 Kg4 0-1

[Event "London Classic Open 2016"]
[Site "London ENG"]
[Date "2016.12.13"]
[Round "6.92"]
[White "Varney, Zoe"]
[Black "Eames, Robert S"]
[Result "1/2-1/2"]
[BlackTitle "FM"]
[WhiteElo "2000"]
[BlackElo "2187"]
[WhiteFideId "436135"]
[BlackFideId "408743"]
[EventDate "2016.12.09"]

1. e4 e5 2. Nf3 Nc6 3. Bc4 Nf6 4. Ng5 d5 5. exd5 Na5 6. Bb5+ c6 7. dxc6 bxc6 8.
Qf3 cxb5 9. Qxa8 Bc5 10. Ne4 Nxe4 11. Qxe4 O-O 12. O-O Bb7 13. Qxe5 Bd4 14. Qg3
Re8 15. c3 Re6 16. cxd4 Rg6 17. Qh3 Nc6 18. d5 Nd4 19. Nc3 b4 20. Qd3 Qh4 21.
Re1 f5 22. Qe3 h5 23. Nb5 Nc2 24. Qe8+ Kh7 25. g3 Qg4 26. Qe2 Nxe1 27. Qxg4 hxg4
28. Nd4 Bxd5 29. b3 Nd3 30. Nxf5 Rc6 31. Ne7 Rc5 32. Nxd5 Rxd5 33. Rb1 Rc5 34.
Bb2 Rc2 35. Bd4 Rxd2 36. Bxa7 Kg6 37. Be3 Rxa2 38. Rd1 Ne5 39. Bf4 Nf3+ 40. Kg2
Rb2 41. h3 Kf5 42. Rd5+ Ke4 43. Rb5 Ne1+ 44. Kg1 Nd3 45. hxg4 Rxb3 46. Bd6 Rb1+
47. Kg2 b3 48. Bf8 Ne1+ 49. Kf1 Nf3+ 50. Kg2 Rg1+ 51. Kh3 Nd4 52. Rb4 Kf3 53.
Kh2 Rg2+ 54. Kh3 Rg1 55. Kh2 Rg2+ 56. Kh3 1/2-1/2

[Event "London Classic Open 2016"]
[Site "London ENG"]
[Date "2016.12.13"]
[Round "6.93"]
[White "Caglar, Sila"]
[Black "Bird, Joel"]
[Result "1-0"]
[WhiteTitle "WFM"]
[WhiteElo "1938"]
[BlackElo "2171"]
[WhiteFideId "6364063"]
[BlackFideId "429252"]
[EventDate "2016.12.09"]

1. e4 e5 2. Nc3 Nf6 3. g3 Bc5 4. Bg2 Nc6 5. d3 a6 6. h3 d6 7. Nge2 O-O 8. O-O h6
9. Kh2 Be6 10. Nd5 Nd4 11. Nxd4 Bxd4 12. c3 Ba7 13. Nxf6+ Qxf6 14. f4 exf4 15.
Bxf4 Qe7 16. d4 f6 17. Qd3 Rad8 18. Rae1 Qf7 19. d5 Bc8 20. e5 fxe5 21. Bxe5 Qh5
22. Bd4 Rxf1 23. Rxf1 Bxd4 24. Qxd4 Re8 25. Qf4 Bd7 26. Rf2 Re2 27. Qf8+ Kh7 28.
Qf4 Qe8 29. Qd4 Kg8 30. Qf4 Rxf2 31. Qxf2 Qe5 32. Qa7 Qe2 33. Qb8+ Kh7 34. Qd8
Bf5 35. Qh4 g5 36. Qd4 Bxh3 37. Qe4+ Qxe4 38. Bxe4+ Kg7 39. Kxh3 Kf6 40. Kg4 Ke5
41. Bg2 b5 42. b4 Kf6 43. Kh5 Kf5 44. Bf3 1-0

[Event "London Classic Open 2016"]
[Site "London ENG"]
[Date "2016.12.13"]
[Round "6.94"]
[White "Garcia Serrano, Jose M.2"]
[Black "Gollain, Marc"]
[Result "0-1"]
[WhiteElo "1913"]
[BlackElo "2122"]
[WhiteFideId "2285215"]
[BlackFideId "603546"]
[EventDate "2016.12.09"]

1. e4 c5 2. d4 cxd4 3. c3 dxc3 4. Nxc3 Nc6 5. Nf3 d6 6. Bc4 a6 7. O-O Nf6 8. Bg5
e6 9. Qe2 h6 10. Bh4 g5 11. Bg3 Nh5 12. Rad1 Nxg3 13. hxg3 Bg7 14. Nh2 b5 15.
Bb3 Nd4 16. Qh5 Bb7 17. Rxd4 Bxd4 18. Bxe6 Qe7 19. Bf5 Bxc3 20. bxc3 Bc8 21. f4
Bxf5 22. exf5 O-O-O 23. Qf3 Qb7 24. Qd3 d5 25. Ng4 Qb6+ 26. Kh2 f6 27. a4 Rhe8
28. axb5 h5 29. Nf2 gxf4 30. gxf4 Qxb5 31. Qd1 Qc4 32. Nd3 Re3 33. Nb4 Rxc3 34.
Qa1 Qxb4 35. Qxa6+ Kb8 36. Qxf6 Rd7 37. Qe5+ Kb7 38. f6 Rcc7 39. Ra1 Qc5 40.
Qb2+ Qb6 41. Qa2 Kc8 42. Qe2 Qxf6 43. Qe8+ Rd8 44. Qa4 Qc6 45. Qd1 d4 46. Qd3
Qf6 47. Qh3+ Kb8 48. Qf3 Rb7 49. Qa3 Qxf4+ 50. Kh1 Qg5 51. Qa8+ Kc7 52. Qa2 d3 0-1

[Event "London Classic Open 2016"]
[Site "London ENG"]
[Date "2016.12.13"]
[Round "6.95"]
[White "Mohnblatt, Daniel"]
[Black "Hebbes, Tim"]
[Result "0-1"]
[WhiteElo "1769"]
[BlackElo "2113"]
[WhiteFideId "648582"]
[BlackFideId "406570"]
[EventDate "2016.12.09"]

1. d4 d5 2. Nf3 e6 3. e3 c5 4. c3 Nf6 5. Bd3 Nc6 6. Nbd2 Qc7 7. O-O b6 8. Re1
Bb7 9. e4 cxd4 10. cxd4 dxe4 11. Nxe4 Nd5 12. a3 g6 13. Be3 Bg7 14. Rc1 O-O 15.
Bb5 Rac8 16. Re2 Qb8 17. Rec2 Nxe3 18. fxe3 Nxd4 19. Rxc8 Nxf3+ 20. gxf3 Rxc8
21. Rxc8+ Qxc8 22. b4 Be5 23. Bd3 Qd8 24. Qe2 Qh4 25. f4 Bg7 26. Nd6 Bd5 27. Nc8
e5 28. Qf2 Qg4+ 0-1

[Event "London Classic Open 2016"]
[Site "London ENG"]
[Date "2016.12.13"]
[Round "6.96"]
[White "Rushbrooke, Remy"]
[Black "Mueller, Martin2"]
[Result "0-1"]
[WhiteElo "1651"]
[BlackElo "2088"]
[WhiteFideId "443590"]
[BlackFideId "4649974"]
[EventDate "2016.12.09"]

1. d4 d5 2. Nc3 Nf6 3. Bg5 c6 4. Nf3 Qb6 5. Rb1 Bf5 6. e3 Nbd7 7. Bd3 Bg4 8. h3
Bh5 9. Bf4 e6 10. O-O Be7 11. a3 a5 12. Qe2 O-O 13. g4 Bg6 14. Bxg6 hxg6 15. Bh2
Rfc8 16. Ne5 Nxe5 17. Bxe5 Nd7 18. Bg3 c5 19. Qd3 Bf6 20. Ne2 Qc6 21. Rfc1 b5
22. b4 axb4 23. axb4 c4 24. Qc3 Ra4 25. Ra1 Rca8 26. Rxa4 Rxa4 27. Ra1 Qa8 28.
Rxa4 Qxa4 29. Qb2 Be7 30. c3 f5 31. gxf5 gxf5 32. Qd2 Qa1+ 33. Qc1 Qxc1+ 34.
Nxc1 Nb6 35. h4 Na4 36. Ne2 Kf7 37. Kg2 Nb2 38. Kf3 Nd3 39. Nf4 Nxf4 40. Kxf4
Bxb4 41. e4 Bxc3 0-1

[Event "London Classic Open 2016"]
[Site "London ENG"]
[Date "2016.12.13"]
[Round "6.97"]
[White "Eizaguerri Floris, Maria"]
[Black "Jekel, Wolfgang"]
[Result "1-0"]
[WhiteTitle "WFM"]
[WhiteElo "2082"]
[BlackElo "1790"]
[WhiteFideId "32065752"]
[BlackFideId "4690370"]
[EventDate "2016.12.09"]

1. e4 d5 2. exd5 Qxd5 3. Nc3 Qd6 4. d4 c6 5. Nf3 Nf6 6. Ne5 Nbd7 7. f4 Nb6 8. g4
Be6 9. g5 Nfd7 10. Ne4 Qc7 11. Bg2 Nxe5 12. fxe5 Bd5 13. O-O O-O-O 14. a4 Be6
15. a5 Nd7 16. Bf4 g6 17. c4 Bg7 18. Qe2 Nb8 19. Rfd1 Bf5 20. Qf2 h6 21. e6 1-0

[Event "London Classic Open 2016"]
[Site "London ENG"]
[Date "2016.12.13"]
[Round "6.98"]
[White "Saksham, Rautela"]
[Black "Heuser, Philip"]
[Result "0-1"]
[WhiteElo "1768"]
[BlackElo "2081"]
[WhiteFideId "35046977"]
[BlackFideId "4654358"]
[EventDate "2016.12.09"]

1. e4 c6 2. d4 d5 3. Nd2 dxe4 4. Nxe4 Nf6 5. Nxf6+ gxf6 6. Nf3 Bg4 7. Bc4 e6 8.
Be3 Nd7 9. h3 Bh5 10. Qe2 Bd6 11. O-O-O Qc7 12. d5 Bxf3 13. gxf3 cxd5 14. Rxd5
O-O-O 15. Rd3 Kb8 16. Rc3 Be5 17. Ra3 b6 18. Ra6 Nc5 19. Bxc5 Qxc5 20. Ra4 Bf4+
21. Kb1 Rd2 22. Qe4 Rd4 23. Qe2 Rd2 24. Qe4 Rd4 25. Qe2 Rhd8 26. c3 Rd2 27. Qe4
Qxf2 28. Bb3 Rxb2+ 29. Ka1 Be5 30. Qb4 Qd2 31. Qe7 Rxa2+ 32. Rxa2 Qxc3+ 33. Kb1
Qxb3+ 34. Kc1 Bf4+ 0-1

[Event "London Classic Open 2016"]
[Site "London ENG"]
[Date "2016.12.13"]
[Round "6.99"]
[White "Korning, Peter"]
[Black "Dror, Levi"]
[Result "1-0"]
[WhiteElo "2081"]
[BlackElo "1698"]
[WhiteFideId "1723332"]
[BlackFideId "2809583"]
[EventDate "2016.12.09"]

1. e4 e6 2. d4 d5 3. Nc3 Bb4 4. e5 c5 5. a3 Bxc3+ 6. bxc3 Ne7 7. Qg4 O-O 8. Bd3
Nbc6 9. Nf3 f5 10. exf6 Rxf6 11. Bg5 Rf7 12. Qh4 g6 13. Bf6 Qc7 14. Ne5 Nxe5 15.
Bxe5 Qa5 16. dxc5 Qxc5 17. O-O Bd7 18. Rab1 b6 19. Qb4 Qc8 20. Qh4 Qf8 21. f4
Rc8 22. Rf3 Nf5 23. Bxf5 Rxf5 24. Rbf1 Rh5 25. Qf6 Qxf6 26. Bxf6 Rf5 27. Be5 Rc4
28. g4 Rf7 29. Rh3 g5 30. Rh5 h6 31. Rxh6 Kf8 32. Rg6 Ba4 33. Rxg5 Bxc2 34. h4
Re4 35. Bd6+ Ke8 36. Re5 Rfxf4 37. Rxf4 Rxf4 38. Rxe6+ Kf7 39. Bxf4 Kxe6 40. Kf2
b5 41. Bb8 a5 42. Bc7 a4 43. Ke3 Kf6 44. Kf4 Kg6 45. Be5 Bd3 46. Kg3 Be2 47. h5+
Kg5 48. Bf4+ Kf6 49. g5+ Kf5 50. h6 Kg6 51. Kf2 Bc4 52. Ke3 Ba2 53. Kd4 Bc4 54.
Ke5 Bb3 55. Be3 Ba2 56. Bd4 Bb3 57. Ke6 Ba2 58. Ke7 Bb3 59. Kf8 Kh7 60. g6+ 1-0

[Event "London Classic Open 2016"]
[Site "London ENG"]
[Date "2016.12.13"]
[Round "6.101"]
[White "Ignatovic, Ernest"]
[Black "Jennings, Richard"]
[Result "0-1"]
[WhiteElo "1630"]
[BlackElo "1879"]
[WhiteFideId "12806986"]
[BlackFideId "2404435"]
[EventDate "2016.12.09"]

1. d4 d5 2. Nf3 Nf6 3. g3 e6 4. Bg2 c5 5. O-O Nc6 6. c4 dxc4 7. Qa4 Bd7 8. Qxc4
b5 9. Qd3 c4 10. Qd1 Be7 11. Ne5 Rc8 12. a4 a6 13. axb5 axb5 14. Ra6 Nb4 15. Ra7
Qb6 16. Rb7 Qa6 17. Nc3 Nbd5 18. Nxd5 exd5 19. Bxd5 Nxd5 20. Rxd7 Nf6 21. Rxe7+
Kxe7 22. e4 Rhd8 23. d5 Kf8 24. Qf3 Re8 25. Bf4 Qb6 26. g4 Qb7 27. g5 Nd7 28.
Nc6 Rxc6 29. dxc6 Qxc6 30. Re1 Nc5 31. Qh3 Nd3 32. Qxh7 Nxe1 33. Qh8+ Ke7 34.
Qxg7 Nd3 35. Qd4 Nxf4 36. Qe5+ Ne6 37. Qf6+ Kd7 38. Qxf7+ Re7 39. Qf5 Kc7 40. e5
Nd4 41. Qf8 Nf3+ 42. Kf1 Nxh2+ 43. Kg1 Nf3+ 44. Kf1 Rxe5 45. Qa3 Re1+ 46. Kg2
Rg1+ 47. Kh3 Qe6# 0-1

[Event "London Classic Open 2016"]
[Site "London ENG"]
[Date "2016.12.13"]
[Round "6.102"]
[White "Peters, Stephen G"]
[Black "Solli, Oddvar"]
[Result "1-0"]
[WhiteElo "2128"]
[BlackElo "1731"]
[WhiteFideId "406040"]
[BlackFideId "1501208"]
[EventDate "2016.12.09"]

1. d4 d5 2. c4 dxc4 3. Nf3 Nf6 4. e3 e6 5. Bxc4 c5 6. O-O a6 7. a4 Nc6 8. Qe2
cxd4 9. Rd1 Be7 10. exd4 O-O 11. Nc3 Nb4 12. Ne5 Nbd5 13. Bg5 Qd6 14. Rd3 Nxc3
15. bxc3 Bd7 16. Rh3 g6 17. Qe3 b5 18. Bxf6 1-0

[Event "London Classic Open 2016"]
[Site "London ENG"]
[Date "2016.12.13"]
[Round "6.103"]
[White "Kuntner, Reinhard2"]
[Black "Kretov, Ivan"]
[Result "1-0"]
[WhiteElo "2086"]
[BlackElo "1674"]
[WhiteFideId "1630555"]
[BlackFideId "24194484"]
[EventDate "2016.12.09"]

1. Nf3 c6 2. d4 d5 3. Bf4 Bf5 4. e3 e6 5. Bd3 Bxd3 6. cxd3 Bd6 7. Be5 Bxe5 8.
dxe5 Ne7 9. Qb3 Qb6 10. Qa3 Qc7 11. Nc3 Qb6 12. O-O Na6 13. b3 Qb4 14. Qb2 O-O
15. a3 Qa5 16. b4 Qd8 17. Rac1 Qd7 18. Rfd1 b5 19. Nd4 Nf5 20. Nxf5 exf5 21. Ne2
Rac8 22. Nf4 Nc7 23. Nh5 Qe6 24. f4 Ne8 25. Rc3 g6 26. Ng3 f6 27. e4 fxe5 28.
exf5 gxf5 29. Re1 e4 30. dxe4 dxe4 31. Rc5 Nd6 32. Qd4 Qf6 33. Qf2 Qg6 34. Rc3
Rf7 35. Rec1 Nc4 36. Nxe4 Rg7 37. Nc5 Rd8 38. Rg3 Qd6 39. Rd3 Qf6 40. Rxd8+ Qxd8
41. Ne6 Qd3 42. Nxg7 Qxa3 43. Re1 Kxg7 44. Qd4+ Kf7 45. Qd7+ Kg6 46. Qe8+ Kh6
47. Qf8+ Kh5 48. Qxf5+ Kh6 49. Qg5# 1-0

[Event "London Classic Open 2016"]
[Site "London ENG"]
[Date "2016.12.13"]
[Round "6.104"]
[White "Mulay, Partha"]
[Black "Burke, John S"]
[Result "1-0"]
[WhiteElo "1767"]
[BlackElo "2055"]
[WhiteFideId "436038"]
[BlackFideId "404322"]
[EventDate "2016.12.09"]

1. e4 d6 2. d4 Nf6 3. Nc3 g6 4. Be2 c6 5. h4 h5 6. Nh3 b5 7. a3 Qb6 8. f3 Nbd7
9. Be3 Bb7 10. Qd2 a6 11. e5 Nd5 12. Nxd5 cxd5 13. e6 fxe6 14. Ng5 Bg7 15. Nxe6
Bf6 16. Bd3 Rg8 17. g4 Nf8 18. Nxf8 Kxf8 19. c3 Bc8 20. Bg5 Bh8 21. gxh5 gxh5
22. Bh7 Be6 23. Bxg8 Bxg8 24. Qf4+ Ke8 25. O-O-O Qc6 26. Rde1 Ra7 27. Bh6 Bf7
28. Rhg1 Bf6 29. Qxf6 1-0

[Event "London Classic Open 2016"]
[Site "London ENG"]
[Date "2016.12.13"]
[Round "6.105"]
[White "Johnson, Paul A"]
[Black "Roebuck, Derek"]
[Result "1-0"]
[WhiteElo "1866"]
[BlackElo "1653"]
[WhiteFideId "415677"]
[BlackFideId "3226999"]
[EventDate "2016.12.09"]

1. e4 e5 2. Nf3 Nc6 3. d4 exd4 4. Bc4 Nf6 5. e5 d5 6. Bb5 Ne4 7. Nxd4 Bd7 8.
Bxc6 bxc6 9. O-O Bc5 10. Be3 Bb6 11. f3 Ng5 12. f4 Ne4 13. Nc3 c5 14. Nb3 Nxc3
15. bxc3 c4 16. Nc5 Bf5 17. Qd2 O-O 18. Qf2 Bxc5 19. Bxc5 Re8 20. Rab1 Qd7 21.
Rb2 Reb8 22. Rfb1 Rxb2 23. Rxb2 a5 24. Qg3 Qe6 25. Kf2 Qc8 26. Qg5 Be4 27. h3 h6
28. Qg3 Rb8 29. Rxb8 Qxb8 30. Bd4 c5 31. Bxc5 Qb2 32. a3 Qxc2+ 33. Kg1 Qc1+ 34.
Kh2 g5 35. Be3 Qxc3 36. fxg5 hxg5 37. Qxg5+ Bg6 38. e6 1-0

[Event "London Classic Open 2016"]
[Site "London ENG"]
[Date "2016.12.13"]
[Round "6.106"]
[White "Opasiak, Dustin Tennessee"]
[Black "Haddock, Paul"]
[Result "1-0"]
[WhiteElo "1823"]
[BlackElo "1569"]
[WhiteFideId "24630217"]
[BlackFideId "419150"]
[EventDate "2016.12.09"]

1. e4 e5 2. Nf3 Nc6 3. Bb5 a6 4. Bxc6 dxc6 5. Nc3 Bg4 6. h3 Bxf3 7. Qxf3 Qf6 8.
Qxf6 Nxf6 9. d3 Bc5 10. f4 exf4 11. Bxf4 O-O-O 12. O-O-O Nh5 13. Bh2 Bd6 14. e5
Bc5 15. Rhf1 g6 16. Rxf7 Rd7 17. Rxd7 Kxd7 18. d4 Be7 19. Ne4 Rf8 20. g3 Rf3 21.
Kd2 Bg5+ 22. Nxg5 Rf2+ 23. Kd3 Rxh2 24. Rf1 h6 25. Ne4 Ke7 26. h4 Rg2 27. Rf3 b6
28. b4 Ke6 29. a4 Rg1 30. Kc4 Ra1 31. g4 Ng7 32. Rf6+ Ke7 33. Rxc6 Kd7 34. Rxg6 1-0

[Event "London Classic Open 2016"]
[Site "London ENG"]
[Date "2016.12.13"]
[Round "6.107"]
[White "De Lagontrie, Jean"]
[Black "Bin-Suhayl, Yousuf"]
[Result "0-1"]
[WhiteElo "1746"]
[BlackElo "1788"]
[WhiteFideId "605271"]
[BlackFideId "427012"]
[EventDate "2016.12.09"]

1. d4 Nf6 2. c4 e6 3. Nc3 Bb4 4. e3 Ne4 5. Bd2 Nxd2 6. Qxd2 b6 7. Nge2 Bb7 8. a3
Be7 9. d5 O-O 10. g3 e5 11. Bg2 f5 12. O-O d6 13. b4 a5 14. f4 Nd7 15. b5 Nc5
16. Qc2 e4 17. Nd4 Bf6 18. Nce2 g6 19. Rab1 Qe7 20. Kh1 Bc8 21. Bh3 Nd3 22. Nc6
Qg7 23. Ned4 Bd7 24. Rg1 Bxc6 25. Ne6 Qh6 26. Bf1 Bd7 27. Nxf8 Qxf8 28. Bxd3
exd3 29. Qxd3 Re8 30. Rbe1 Qe7 31. Rg2 Qe4 32. Qe2 Bc3 33. Rd1 Qxe3 34. Qxe3
Rxe3 35. h4 Bf6 36. Kh2 Rc3 37. Re1 Rxc4 38. Rge2 Bxb5 39. Re6 Kf7 40. R6e3 Rc5
41. Rd1 Bc4 42. a4 Bxd5 43. Rd2 Be4 44. Rd1 Rc2+ 45. Kh3 Bg2+ 46. Kh2 Bf3+ 47.
Kg1 Bxd1 0-1

[Event "London Classic Open 2016"]
[Site "London ENG"]
[Date "2016.12.13"]
[Round "6.109"]
[White "Thatte, Nishchal"]
[Black "Barasi, Paul Dl"]
[Result "0-1"]
[WhiteElo "1495"]
[BlackElo "1770"]
[WhiteFideId "447234"]
[BlackFideId "432830"]
[EventDate "2016.12.09"]

1. e4 c5 2. c3 e6 3. d4 b6 4. Nf3 Bb7 5. Bd3 cxd4 6. cxd4 Nc6 7. O-O Nb4 8. Bf4
Nf6 9. Re1 Nxd3 10. Qxd3 d5 11. e5 Ne4 12. Na3 Be7 13. Nc2 Qd7 14. Rad1 O-O 15.
Ne3 Qa4 16. Qb1 Bb4 17. Re2 Rac8 18. Ne1 Ba6 19. Rc2 Bxe1 20. Rxe1 Qxd4 21. Rd1
Qa4 22. b3 Qb4 23. a3 Qe7 24. Rdc1 Qd7 25. Rxc8 Rxc8 26. Qb2 Rxc1+ 27. Qxc1 Nc5
28. Qd1 Nd3 29. Bg3 Qc6 30. h3 Nc1 31. Nc4 Nxb3 32. Qxb3 dxc4 33. Qd1 Qc8 34.
Kh2 c3 35. Qc2 h5 36. Bh4 Qc4 37. g3 Qd4 38. Be7 Qd2 39. Qe4 Qxf2+ 40. Qg2 Qxg2+
41. Kxg2 c2 42. Bg5 Kh7 43. g4 Kg6 44. Bc1 Be2 45. Kg3 hxg4 46. hxg4 f5 47. g5
Kf7 48. Kf2 Bd3 49. Ke3 Be4 50. Kf4 g6 51. Ke3 Ke7 52. Kd4 Kd7 53. Kc4 Kc6 54.
a4 a6 55. Bb2 Bf3 56. Kc3 Bd1 57. Kc4 c1=Q+ 58. Bxc1 Bxa4 59. Kb4 Bb5 60. Bf4
Bf1 61. Be3 Kd5 62. Bf4 Ke4 63. Bh2 f4 64. Bg1 Kxe5 65. Bxb6 Kf5 66. Bd8 e5 67.
Kc3 f3 68. Kd2 Kf4 69. Ke1 Bc4 70. Kf2 Bd5 71. Ke1 Kg3 72. Bb6 a5 73. Kf1 a4 74.
Bf2+ Kf4 75. Bc5 Kxg5 76. Be7+ Kf5 77. Ba3 g5 78. Kf2 g4 79. Kg3 Be6 80. Kf2 Ke4
81. Bc1 Kd3 82. Ba3 e4 83. Bc1 Kc2 84. Ba3 Kb3 85. Bc1 a3 86. Be3 a2 87. Bd4 Kc2
88. Ba1 Kb1 89. Bh8 a1=Q 90. Bxa1 Kxa1 91. Kf1 e3 92. Ke1 g3 93. Kf1 Bc4+ 94.
Ke1 g2 95. Kd1 Bb3+ 96. Kc1 g1=R# 0-1

[Event "London Classic Open 2016"]
[Site "London ENG"]
[Date "2016.12.13"]
[Round "6.110"]
[White "Bhavik Ahuja"]
[Black "Kalerwa, Edwin M"]
[Result "1-0"]
[WhiteElo "1344"]
[BlackElo "1756"]
[WhiteFideId "46647392"]
[BlackFideId "422223"]
[EventDate "2016.12.09"]

1. e4 d6 2. d4 c5 3. Nf3 cxd4 4. Nxd4 a6 5. Nc3 Nf6 6. Bg5 Qa5 7. Qd2 Nbd7 8.
Be2 h6 9. Be3 b5 10. Nc6 Qc7 11. Nb4 Bb7 12. f3 e6 13. Qd4 d5 14. a3 e5 15.
Nbxd5 Nxd5 16. Nxd5 exd4 17. Nxc7+ Kd8 18. Bf4 Rc8 19. O-O-O Bc5 20. Nd5 Re8 21.
Bd3 Bxd5 22. exd5 Nf6 23. Bf5 Ra8 24. d6 g6 25. Bh3 g5 26. Bg3 Nd5 27. Bf2 Ne3
28. Bxe3 dxe3 29. Rd5 e2 30. Rxc5 e1=Q+ 31. Rxe1 Rxe1+ 32. Kd2 Rb1 33. d7 Ke7
34. Rc8 1-0

[Event "London Classic Open 2016"]
[Site "London ENG"]
[Date "2016.12.13"]
[Round "6.111"]
[White "Balaji, Aaravamudhan"]
[Black "Leko, Ian E"]
[Result "1-0"]
[WhiteElo "1634"]
[BlackElo "1588"]
[WhiteFideId "436224"]
[BlackFideId "452173"]
[EventDate "2016.12.09"]

1. e4 c5 2. Nf3 d6 3. d4 cxd4 4. Nxd4 Nf6 5. Nc3 a6 6. Bc4 e6 7. Bb3 b5 8. Qf3
Bb7 9. a3 Nc6 10. Nxc6 Bxc6 11. Bg5 Be7 12. Rd1 O-O 13. O-O Qc7 14. Qg3 Bxe4 15.
Bxf6 Bxf6 16. Nxe4 Bxb2 17. Qxd6 Qb7 18. Nc5 Qc8 19. Nxe6 Re8 20. Nc7 Bxa3 21.
Qc6 Re7 22. Qxa8 1-0

[Event "London Classic Open 2016"]
[Site "London ENG"]
[Date "2016.12.13"]
[Round "6.112"]
[White "Giakoustidis, Spiros-Avgerinos"]
[Black "Spychala, Josefa"]
[Result "1-0"]
[WhiteElo "1800"]
[BlackElo "1466"]
[WhiteFideId "4208668"]
[BlackFideId "1136208"]
[EventDate "2016.12.09"]

1. d4 d5 2. c4 e6 3. Nc3 Nf6 4. Nf3 c6 5. e3 Nbd7 6. Qc2 Be7 7. b3 b6 8. Bb2 Bb7
9. Bd3 O-O 10. O-O dxc4 11. bxc4 h6 12. e4 c5 13. d5 exd5 14. exd5 Bd6 15. Rfe1
a6 16. a4 Qc7 17. Ne4 Nxe4 18. Rxe4 Rae8 19. Rae1 Rxe4 20. Rxe4 f5 21. Re6 f4
22. Bh7+ Kh8 23. Qg6 Nf6 24. Rxf6 gxf6 25. Bxf6+ Rxf6 26. Qg8# 1-0

[Event "London Classic Open 2016"]
[Site "London ENG"]
[Date "2016.12.13"]
[Round "6.113"]
[White "Lie, Terje"]
[Black "Witt, Holger"]
[Result "1-0"]
[WhiteElo "1563"]
[BlackElo "1628"]
[WhiteFideId "1504916"]
[BlackFideId "24678139"]
[EventDate "2016.12.09"]

1. d4 Nf6 2. c4 g6 3. Nc3 Bg7 4. Nf3 O-O 5. e4 d6 6. Bd3 e5 7. d5 a5 8. a4 Na6
9. O-O Nc5 10. Bc2 Nh5 11. Be3 b6 12. Bxc5 bxc5 13. Qd2 Nf4 14. Rab1 Bh6 15. Qd1
Bg4 16. Bd3 Qd7 17. Be2 Bh3 18. Ne1 Nxe2+ 19. Qxe2 Qg4 20. f3 Qg5 21. Nb5 Qe3+
22. Qxe3 Bxe3+ 23. Kh1 Bd7 24. Nxc7 Bxa4 25. Nxa8 Bb3 26. f4 Bxc4 27. Rf3 Bxf4
28. Nb6 Be2 29. Rf2 Bb5 30. Rc2 Rb8 31. Nc4 Bxc4 32. Rxc4 Rb3 33. Rc3 Rb4 34.
Nd3 Rxe4 35. Nxf4 Rxf4 36. Rd1 a4 37. Ra3 Rb4 38. Rd2 f5 39. g3 Kg7 40. Kg2 e4
41. Kf2 Kf6 42. h3 g5 43. Ke3 Ke5 44. Rc3 f4+ 45. gxf4+ gxf4+ 46. Ke2 e3 47.
Rdc2 Kxd5 48. Kf3 h5 49. Rd3+ Ke5 50. Rg2 Rd4 51. Rc3 c4 52. Rg5+ Kf6 53. Rxh5
d5 54. Rh6+ Kf5 55. Ra3 Rd2 56. Rh5+ Kg6 57. Re5 d4 58. Rxa4 Rf2+ 59. Ke4 e2 60.
Ra6+ Kf7 61. Kf5 e1=Q 62. Rxe1 Rxb2 63. Ra7+ Kf8 64. Kxf4 c3 65. Rc7 c2 66. Rc1
d3 67. Ke3 Rb1 68. Kd2 Kg8 69. Rc3 Rb7 70. Rxd3 Rf7 71. Rg3+ Kh7 72. Rxc2 Rf2+
73. Kd3 Rf6 74. Rc4 Rd6+ 75. Rd4 Rf6 76. Ke3 Re6+ 77. Re4 Rf6 78. Rh4+ 1-0

[Event "London Classic Open 2016"]
[Site "London ENG"]
[Date "2016.12.13"]
[Round "6.114"]
[White "Bratteteig, Tore-Inge"]
[Black "Cotter, Len"]
[Result "0-1"]
[WhiteElo "1698"]
[BlackElo "1758"]
[WhiteFideId "1510711"]
[BlackFideId "431419"]
[EventDate "2016.12.09"]

1. d4 f5 2. Nf3 Nf6 3. c4 e6 4. g3 c6 5. Nc3 d5 6. cxd5 cxd5 7. Bg2 Bd6 8. O-O
O-O 9. Bg5 h6 10. Bxf6 Rxf6 11. Rc1 Bd7 12. Qb3 Bc6 13. Nb5 Be7 14. Ne5 a6 15.
Na3 Bd6 16. Nb1 f4 17. Nd2 fxg3 18. fxg3 Bb5 19. Qd1 Nc6 20. Ndf3 Qe7 21. Nxc6
Bxc6 22. Ne5 Bxe5 23. dxe5 Rxf1+ 24. Bxf1 Qg5 25. Rc3 Qxe5 26. Qd2 Rf8 27. Rf3
Rxf3 28. exf3 d4 29. Kf2 Qd5 30. Be2 e5 31. b3 b5 32. Qd1 e4 33. fxe4 Qxe4 34.
Bf3 Qe3+ 35. Kg2 Bxf3+ 36. Qxf3 Qd2+ 37. Kh3 Qg5 38. Qe4 Qf6 39. Kg2 g5 40. Qd5+
Kg7 41. Qd7+ Kg6 42. Qe8+ Kf5 43. Qd7+ Ke4 44. Qh7+ Ke3 45. Qc2 Qf3+ 46. Kg1 d3
47. Qc5+ Ke2 48. Qe5+ Qe3+ 49. Qxe3+ Kxe3 0-1

[Event "London Classic Open 2016"]
[Site "London ENG"]
[Date "2016.12.14"]
[Round "7.1"]
[White "Aravindh, Chithambaram VR."]
[Black "Smirin, Ilia"]
[Result "1-0"]
[WhiteTitle "GM"]
[BlackTitle "GM"]
[WhiteElo "2566"]
[BlackElo "2669"]
[WhiteFideId "5072786"]
[BlackFideId "2801990"]
[EventDate "2016.12.09"]

1. e4 c5 2. Nf3 e6 3. d4 cxd4 4. Nxd4 a6 5. Bd3 Bc5 6. Nb3 Ba7 7. O-O Nc6 8. Qg4
Nf6 9. Qxg7 Rg8 10. Qh6 Ne5 11. Be2 b5 12. Bg5 Rg6 13. Qh4 Bb7 14. N1d2 h6 15.
Bxf6 Rxf6 16. Qg3 Ng6 17. a4 Bb8 18. Qc3 Be5 19. Qe3 Nf4 20. axb5 d5 21. bxa6 d4
22. Bb5+ Kf8 23. Qf3 Nxg2 24. Qh5 Rg6 25. Qxe5 Ne3+ 26. Kh1 Ng4 27. Qh8+ Rg8 28.
Qxd4 Qg5 1-0